000
00247nam a2200109Ia 4500
008
170627s9999 xx 000 0 und d
100
_a
GUPTA- S.P.
245
0
_a
BUSINESS STATISTICS
260
_b
SULTAN
260
_c
2005
546
_a
ENGLISH
690
_a
BUSINESS STATISTICS
999
_c
35383
_d
35383